Brytyjskie terytoria zależne - Statystyki

Ogólne statystyki
  • Ten quiz został rozwiązany 93 razy
  • Średni wynik to 10 z 19
Statystyki odpowiedzi
Odpowiedź % Poprawnych
Bermudy
74%
Brytyjskie Wyspy Dziewicze
74%
Gibraltar
69%
Wyspa Man
69%
Falklandy
67%
Jersey
65%
Kajmany
59%
Anguilla
56%
Guernsey
56%
Wyspa Świętej Heleny
52%
Turks i Caicos
50%
Brytyjskie Terytorium Oceanu Indyjskiego
44%
Georgia Południowa i Sandwich Południowy
44%
Montserrat
41%
Wyspa Wniebowstąpienia
39%
Pitcairn
37%
Brytyjskie Terytorium Antarktyczne
31%
Akrotiri i Dhekelia
24%
Tristan da Cunha
24%
Nie znaleziono quizów pasujących do podanych kryteriów
Rozkład punktacji
Procent ludzi z każdym wynikiem
Percentyl według liczby udzielonych odpowiedzi
Twoja historia wyników
Nie rozwiązałeś tego quizu